Statistiques concernant Devinez le Département Mystère #31

Cliquez ici pour prendre le quiz!

Statistiques générales

  • Ce quiz a été pris 147 fois
  • Le résultat moyen est 25 sur 34

Statistiques - réponses

Type de RéponseRéponse% Correct
Lettre TrouvéeA
100%
Lettre TrouvéeE
100%
Lettre de l'AlphabetN
100%
Lettre de l'AlphabetO
100%
Lettre TrouvéeR
100%
Lettre de l'AlphabetI
99%
Lettre de l'AlphabetS
99%
Lettre de l'AlphabetD
96%
Lettre TrouvéeT
96%
Lettre TrouvéeL
92%
Lettre TrouvéeU
91%
Lettre de l'AlphabetC
90%
Lettre de l'AlphabetV
89%
Lettre TrouvéeH
88%
Lettre de l'AlphabetM
87%
Lettre de l'AlphabetG
86%
Lettre de l'AlphabetB
77%
Lettre de l'AlphabetY
74%
Lettre de l'AlphabetF
71%
Lettre de l'AlphabetP
70%
Lettre Bien PlacéeR
64%
Lettre de l'AlphabetZ
63%
Lettre de l'AlphabetQ
59%
Lettre de l'AlphabetJ
54%
Lettre Bien PlacéeL
54%
Lettre de l'AlphabetX
50%
Lettre Bien PlacéeA
49%
Lettre Bien PlacéeÉ
49%
Lettre Bien PlacéeH
49%
Département MystèreHérault
49%
Lettre de l'AlphabetK
49%
Lettre Bien PlacéeT
49%
Lettre Bien PlacéeU
49%
Lettre de l'AlphabetW
49%

Distribution des résultats

Percentile par nombre de réponses

% des personnes avec chaque résultat

Votre développement - résultats

Vous n’avez pas pris ce quiz